Normal view
MARC view
Entry Personal Name
001 - CONTROL NUMBER
- control field: 503860
003 - CONTROL NUMBER IDENTIFIER
- control field: OSt
005 - DATE AND TIME OF LATEST TRANSACTION
- control field: 20220928142751.0
008 - FIXED-LENGTH DATA ELEMENTS
- fixed length control field: 220928|| aca||aabn | a|a d
040 ## - CATALOGING SOURCE
- Original cataloging agency: OSt
- Transcribing agency: OSt
100 ## - HEADING--PERSONAL NAME
- Personal name: Bhatia Kanta Rani
670 ## - SOURCE DATA FOUND
- Source citation: Work cat.: (OSt)822214: Bhatia Kanta Rani, Bhartrihari ka vakyapadia punay raj ki drusti mein., 1992
